L'Espagne par images - Statistiques

Statistiques générales
  • Ce quiz a été pris 22 807 fois
    22 154 depuis la dernière actualisation
  • Le résultat moyen est 12 sur 18
Statistiques - réponses
Par images Hint Réponse % Correct
Spécialité Paella
99%
Sportif Rafael Nadal
95%
Spécialité Chorizo
91%
Édifice Sagrada Família
88%
Artiste Salvador Dalí
84%
Danse Flamenco
79%
Entreprise Seat
77%
Dictateur Francisco Franco
76%
Région Andalousie
75%
Ville Séville
72%
Spécialité Gaspacho
70%
Œuvre d'art Guernica
63%
Archipel Iles Baléares
56%
Ville Valence
53%
Édifice Musée {Guggenheim}
44%
Édifice Alhambra
30%
Ville Pampelune
28%
Fleuve Tage
17%
Aucun quiz correspondant
Distribution des résultats
% des personnes avec chaque résultat
Percentile par nombre de réponses
Votre historique - résultats
Vous n’avez pas pris ce quiz depuis la dernière actualisation